Chinnamasta: Jnana pita puraskaradinda sanmanitarada sahitiya bahucharchita kadambari (Record no. 215032)
[ view plain ]
| 000 -LEADER | |
|---|---|
| fixed length control field | 01017nam a2200229Ia 4500 |
| 003 - CONTROL NUMBER IDENTIFIER | |
| control field | OSt |
| 005 - DATE AND TIME OF LATEST TRANSACTION | |
| control field | 20241004101528.0 |
| 008 - FIXED-LENGTH DATA ELEMENTS--GENERAL INFORMATION | |
| fixed length control field | 210719s2007 xx 000 0 und d |
| 040 ## - CATALOGING SOURCE | |
| Transcribing agency | AL |
| 041 ## - LANGUAGE CODE | |
| Language code of text/sound track or separate title | Kannada |
| 082 ## - DEWEY DECIMAL CLASSIFICATION NUMBER | |
| Classification number | K894.3 INDC |
| 100 ## - MAIN ENTRY--PERSONAL NAME | |
| Personal name | INDIRA GOSVAMI |
| Dates associated with a name | ಇಂದಿರಾ ಗೋಸ್ವಾಮಿ |
| 9 (RLIN) | 181323 |
| 245 ## - TITLE STATEMENT | |
| Title | Chinnamasta: Jnana pita puraskaradinda sanmanitarada sahitiya bahucharchita kadambari |
| Remainder of title | ಚಿನ್ನಮಸ್ತ ಜ್ಞಾನ ಪೀಠ ಪುರಸ್ಕಾರದಿಂದ ಸನ್ಮಾನಿತರಾದ ಸಾಹಿತಿಯ ಬಹುಚರ್ಚಿತ ಕಾದಂಬರಿ |
| 260 ## - PUBLICATION, DISTRIBUTION, ETC. | |
| Place of publication, distribution, etc. | Shivamogga |
| Name of publisher, distributor, etc. | Ravindra Pustakalaya |
| Date of publication, distribution, etc. | 2007 |
| 300 ## - PHYSICAL DESCRIPTION | |
| Extent | vi-235 |
| Other physical details | HB |
| 365 ## - TRADE PRICE | |
| Price amount | 120 |
| Currency code | Rs |
| 650 ## - SUBJECT ADDED ENTRY--TOPICAL TERM | |
| Topical term or geographic name entry element | Kannada Fiction |
| 9 (RLIN) | 181324 |
| 650 ## - SUBJECT ADDED ENTRY--TOPICAL TERM | |
| Topical term or geographic name entry element | The Man from Chinnamasta |
| 9 (RLIN) | 181326 |
| 700 ## - ADDED ENTRY--PERSONAL NAME | |
| Personal name | R P Hegade |
| Dates associated with a name | ಅರ್ ಪಿ ಹೆಗಡೆ tr |
| 9 (RLIN) | 181325 |
| 906 ## - LOCAL DATA ELEMENT F, LDF (RLIN) | |
| a | bahucharchita ; Chinnamasta ; Jnana ; kadambari ; pita ; puraskaradinda ; sahitiya ; sanmanitarada |
| 942 ## - ADDED ENTRY ELEMENTS (KOHA) | |
| Source of classification or shelving scheme | Dewey Decimal Classification |
| Koha item type | Book |
| Withdrawn status | Lost status | Damaged status | Not for loan | Collection code | Home library | Current library | Date acquired | Source of acquisition | Cost, normal purchase price | Total Checkouts | Full call number | Barcode | Date last seen | Price effective from | Koha item type |
|---|---|---|---|---|---|---|---|---|---|---|---|---|---|---|---|
| St Aloysius Library | St Aloysius Library | 06/09/2009 | General Annual | 120.00 | K894.3 INDC | D03648 | 07/19/2021 | 07/19/2021 | Donated Books |